Монгол ном зүйн онол түүхийн зарим асуудал (Бичлэгийн дугаар. 67606)
[ энгийн харах ]
| 000 -Удирдлага | |
|---|---|
| Ном зүйн бүртгэл тоо буюу кодлох утгыг агуулсан | 01047 a2200253 4500 |
| 003 - ХЯНАЛТЫН ТОО ТОДОРХОЙЛОГЧ | |
| Код | MN-UlNLM |
| 005 - ХАМГИЙН СҮҮЛИЙН ҮЕИЙН ХЭЛЦЛИЙН ОГНОО БА ЦАГ | |
| Тухайн бичилтийг бичсэн засварласан сүүлийн огноо. | 20220823112747.0 |
| 008 - ЕРӨНХИЙ МЭДЭЭЛЭЛ-ЭЛЕМЕНТҮҮДИЙН ӨГӨГДЛИЙН УРТ | |
| fixed length control field | a130t2002 mp ||||| |||| 00| 0 mon d |
| 020 ## - ОЛОН УЛСЫН СТАНДАРТ НОМЫН ДУГААР-ISBN | |
| Олон Улсын Стандарт Номын Дугаар | 99929-5-192-3 |
| 040 ## - ЭХ СУРВАЛЖИЙГ ТОДОРХОЙЛОН БИЧИХ | |
| Анхны каталогийн байгууллага | Монгол Улсын Үндэсний номын сан |
| 084 ## - БУСАД АНГИЛЛЫН ДУГААР | |
| Анги | 78.5 |
| Ангиллын нэр | Номын сан номзүйн ангилал |
| Зохиогчийн 3-н тэмдэгт | Ц 943 |
| Шинжлэх ухааны мэдлэгийн салбар | Соёл, шинжлэх ухаан, боловсрол - 7 |
| 100 1# - ЗОХИОГЧИЙН ХЭСЭГ | |
| Зохиогчийн нэр | Цэзэн Ж. |
| 110 ## - ДЭЭД ГАРЧГИЙН МЭДЭЭ | |
| Эрхлэн гаргасан байгууллагын нэр | СУИС, Соёл урлаг судлалын хүрээлэн |
| 245 0# - ҮНДСЭН ГАРЧИГ | |
| Гарчиг | Монгол ном зүйн онол түүхийн зарим асуудал |
| Оролцогчдын тухай мэдээ | Ред. Л.Хүрэлбаатар, Ш.Чоймаа. |
| 250 ## - ХЭВЛЭЛТИЙН ТУХАЙ МЭДЭЭ | |
| Дахин хэвлэлтийн мэдээ | 1 |
| 260 1# - ГАРАЛТЫН ТУХАЙ МЭДЭЭ | |
| Хэвлэгдсэн он | 2002 |
| Хэвлэгдсэн газар | УБ |
| Хэвлэлийн газар | Бембисан |
| 300 ## - ТООНЫ МЭДЭЭ | |
| Хуудасны тоо | 290х |
| 546 ## - ХЭЛНИЙ ТУХАЙ МЭДЭЭ | |
| Хэл | Монгол бичиг |
| 653 ## - ТҮЛХҮҮР ҮГС | |
| Түлхүүр үг | Соёл, шинжлэх ухаан боловсрол |
| -- | Номын сан судлал |
| -- | Номзүй |
| 740 ## - НОМЫН АГУУЛГЫН ГАРЧИГ | |
| Номын гарчгууд | Монгол номзүйн түүхэн уламжлал. |
| -- | Монгол номзүйн мэдээллийн төрөл. |
| -- | Номзүйн бүртгэл. |
| -- | Номзүйн ангилал. |
| 856 ## - ЭЛЕКТРОН БАЙРЛАЛ БА ХОЛБООС | |
| Төрөл | Хэвлэмэл ном |
| 942 ## - ЭЛЕМЕНТИЙН ТӨРӨЛ | |
| Төрөл | Ном |
| Буцаан татагдсан төлөв | Хасагдсан шалтгаан | Гэмтсэн төлөв | Данс заагч | Захиалах боломжгүй | Үндсэн номын сан | Одоогийн байршил | Салбар танхим | Сан хөмрөг 5 | Бүртгэсэн огноо | Тавиурын заалт | Баркод | Үнэ | Хамгийн сүүлд байсан огноо | Салбар | Нийт уншлаганд гарсан тоо | Хамгийн сүүлд уншлаганд гарсан огноо | Төрөл |
|---|---|---|---|---|---|---|---|---|---|---|---|---|---|---|---|---|---|
| МУҮНомын сан салбар | МУҮНомын сан салбар | МУҮНС салбар | Эрдэм танхим 7 давхар | МУҮНС салбар | Эрдэм танхим 7 давхар | 2021-09-10 | 64189 | 02064189 | 9000.00 | 2021-09-10 | 0000020641 | 1 | 2018-01-27 | Ном | |||||
| МУҮНомын сан салбар | МУҮНомын сан салбар | МУҮНС салбар | Эрдэм танхим 7 давхар | МУҮНС салбар | Эрдэм танхим 7 давхар | 2021-09-10 | 64190 | 02064190 | 9000.00 | 2021-09-10 | Ном | ||||||||
| МУҮндэсний Номын сан | МУҮндэсний Номын сан | МУҮНС төв | Үлдэх нөөц | МУҮНС төв | Үлдэх нөөц | 2021-09-20 | 64192 | 02064192 | 9000.00 | 2021-09-20 | 0000020641 | Ном | |||||||
| МУҮндэсний Номын сан | МУҮндэсний Номын сан | МУҮНС төв | Ойр фонд | МУҮНС төв | Ойр фонд | 2021-09-20 | 64191 | 02064191 | 9000.00 | 2021-09-20 | 0000020641 | Ном |